Southville International School and Colleges
Your cart is empty.
  • Cart
  • Lists
    Public lists list_1 View all
    Your lists Log in to create your own lists
  • Log in to your account
  • Your cookies
  • Search history
Southville International School and Colleges
  • Advanced search
  • Recent comments
  • Most popular
  • Libraries

Log in to your account

Log in with GOOGLE


If you do not have an external account, but do have a local account, you can still log in:

  1. Home
  2. MARC view: Labor laws and social legislation
Normal view MARC view ISBD view

Labor laws and social legislation (Record no. 367448)

[ view plain ]
MARC details
000 -LEADER
fixed length control field 00858nam a22002417a 4500
003 - CONTROL NUMBER IDENTIFIER
control field 0
005 - DATE AND TIME OF LATEST TRANSACTION
control field 20250506123722.0
008 - FIXED-LENGTH DATA ELEMENTS--GENERAL INFORMATION
fixed length control field 250506b xxu||||| |||| 00| 0 eng d
020 ## - INTERNATIONAL STANDARD BOOK NUMBER
International Standard Book Number 9786214271375
050 ## - LIBRARY OF CONGRESS CALL NUMBER
Classification number K 1705
Item number .P419 2023
100 ## - MAIN ENTRY--PERSONAL NAME
Personal name Peñaflor, Lito A.
Relator term [author]
245 ## - TITLE STATEMENT
Title Labor laws and social legislation
Statement of responsibility, etc Lito A. Peñaflor and Karyl O. Peñaflor
250 ## - EDITION STATEMENT
Edition statement Second edition
260 ## - PUBLICATION, DISTRIBUTION, ETC. (IMPRINT)
Place of publication, distribution, etc Manila
Name of publisher, distributor, etc Unlimited Books Library Services & Publishing Inc.
Date of publication, distribution, etc c2023
300 ## - PHYSICAL DESCRIPTION
Extent xii, 457 pages ;
Dimensions 26cm.
504 ## - BIBLIOGRAPHY, ETC. NOTE
Bibliography, etc Includes bibliographical references and index.
650 ## - SUBJECT ADDED ENTRY--TOPICAL TERM
Topical term or geographic name as entry element Labor laws and legislation -- Philippines.
650 ## - SUBJECT ADDED ENTRY--TOPICAL TERM
Topical term or geographic name as entry element Social legislation.
650 ## - SUBJECT ADDED ENTRY--TOPICAL TERM
Topical term or geographic name as entry element Employee rights—Law and legislation.
650 ## - SUBJECT ADDED ENTRY--TOPICAL TERM
Topical term or geographic name as entry element Labor policy—Law and legislation—Philippines.
700 ## - ADDED ENTRY--PERSONAL NAME
Personal name Peñaflor, Karyl O.
942 ## - ADDED ENTRY ELEMENTS (KOHA)
Source of classification or shelving scheme Library of Congress Classification
Koha item type Books
Holdings
Withdrawn status Lost status Source of classification or shelving scheme Damaged status Home library Current library Shelving location Date acquired Source of acquisition Total Checkouts Full call number Barcode Date last seen Price effective from Koha item type
    Library of Congress Classification   College Library College Library Filipiniana Section 05/06/2025 Library Fund   K 1705 .P419 2023 C24570 05/06/2025 05/06/2025 Books
    Library of Congress Classification   College Library College Library Filipiniana Section 05/06/2025 Library Fund   K 1705 .P419 2023 C24571 05/06/2025 05/06/2025 Books
    Library of Congress Classification   College Library College Library Filipiniana Section 05/06/2025 Library Fund   K 1705 .P419 2023 C24569 05/06/2025 05/06/2025 Books

Labor laws and social legislation

APA

Peñaflor L. A., Peñaflor K. O., . (2023). Labor laws and social legislation. Manila: Unlimited Books Library Services & Publishing Inc.

Chicago

Peñaflor Lito A, Peñaflor Karyl O, . 2023. Labor laws and social legislation. Manila: Unlimited Books Library Services & Publishing Inc.

Harvard

Peñaflor L. A., Peñaflor K. O., . (2023). Labor laws and social legislation. Manila: Unlimited Books Library Services & Publishing Inc.

MLA

Peñaflor Lito A, Peñaflor Karyl O, . Labor laws and social legislation. Manila: Unlimited Books Library Services & Publishing Inc. 2023.

  • Place hold
  • Print
  • Cite
  • Add to your cart (remove)
  • Save record
    BIBTEX Dublin Core MARCXML MARC (non-Unicode/MARC-8) MARC (Unicode/UTF-8) MARC (Unicode/UTF-8, Standard) MODS (XML) RIS
  • More searches
    Search for this title in:
    Other Libraries (WorldCat) Other Databases (Google Scholar) Online Stores (Bookfinder.com) Open Library (openlibrary.org)

Exporting to Dublin Core...

SOUTHVILLE LIBRARY

Southville International School and Colleges Library

1281 Tropical Ave. Cor. Luxembourg St., BF Homes International, Las Pinas City

Tel. No. 8256374 / 252358 Loc. 117/146

Powered by Koha